000 00722nam a2200241Ia 4500
003 OSt
005 20220927105439.0
006 a|||||r|||| 00| 0
007 ta
008 220926b |||||||| |||| 00| 0 eng d
024 _a173651
037 _cReference Collections
040 _aRTL
_cRTL
_beng
041 _2eng
_aeng
082 _a"X62.42.N88, M8"
110 _aBANK OF JAPAN.
_9372628
245 0 _aAnnual review of monetary and economic development in fiscal 1988.
260 _aJapan
_bResearch and Statistics Department.
_c1988
300 _a32p.
_ccm.
700 _aBANK OF JAPAN.
_9372629
942 _h"X62.42.N88, M8"
_cCC
999 _c692629
_d692629